01595nam a22002777a 4500003000400000005001700004008004100021020001800062037001500080040004000095041001300135082001600148100003900164245004500203260004700248300003000295500003300325505008700358520067200445650003501117650003301152650003701185650002901222650003201251700003401283OSt20240628141551.0240212t2020 ck er 001 fbspa d a9789584289728 3Donación aCO-JMCRcCO-JMCRdCO-JMCRerdabspa1 aspaheng04aA-N bCHRp 1 eautoraChristie, Agathad1890-19761 aProblema en pollensa / cAgatha Christie aBarcelona : bEditorial planeta , c©2020 a223 páginas ; c19 cm.  aIncluye biografía de autor aProblema en pollensa -- Misterio en las regatas -- El misterio del cofre de Bagdad a"El sagaz investigador Parker Pyne desembarca en Pollensa, en la soleada isla de Mallorca, para iniciar unas merecidas vacaciones en un hotel con gran encanto. Pero pronto su relax se ve interrumpido por la señora Chester, quien, convencida de que su hijo está a punto de echar a perder su futuro por culpa de una misteriosa mujer, decide pedir ayuda al famoso detective. Esta historia inicia una serie de aventuras que, con el inimitable sello de Agatha Christie y con la presencia de sus emblemáticos personajes, Hércules Poirot y Miss Marple, nos brindará la oportunidad de comprobar, una vez más, la maestría narrativa de la gran dama del misterio".142JMCRaNovela InglesaySiglo XX24aLietatura Inglesa ySiglo XX34aLiteratura PolicíacaySiglo XX44aMujeres en la literatura54aDetectives en la literatura aDe Call, Stella, eTraductora